[Event "6tth ch-EUR IBCA 2015"]
[Site "Lyon FRA"]
[Date "2015.08.01"]
[Round "8.2"]
[White "Komissarov, Alexey"]
[Black "Babarykin, Stanislav"]
[Result "0-1"]
[BlackTitle "FM"]
[WhiteElo "2191"]
[BlackElo "2357"]
[WhiteFideId "4176545"]
[BlackFideId "4101898"]
[EventDate "2015.07.25"]

1. e4 e5 2. Nc3 Nf6 3. g3 d5 4. exd5 Nxd5 5. Bg2 Nxc3 6. bxc3 Bc5 7. Ne2 Nc6 8.
O-O O-O 9. d3 Bg4 10. Be3 Bxe3 11. fxe3 Qg5 12. Qd2 Rad8 13. Rf2 Rfe8 14. Qc1 h5
15. Rb1 Bc8 16. Bxc6 bxc6 17. e4 Qg6 18. Qe3 f5 19. exf5 Bxf5 20. Qxa7 Ra8 21.
Qxc7 Rxa2 22. Nc1 Raa8 23. Ne2 h4 24. c4 Bg4 25. Nc3 Bf5 26. Ne2 Kh7 27. Qb6 e4
28. Qc5 exd3 29. cxd3 hxg3 30. Nxg3 Bxd3 31. Rd1 Re4 32. Rg2 Rg4 33. Qe3 Bxc4
34. h3 Rg5 35. Kh2 Bd5 36. Rf2 Re8 37. Qd3 Qxd3 38. Rxd3 Rge5 39. Rd1 Re1 40.
Rxe1 Rxe1 41. h4 Re5 42. Rc2 Kg6 43. Kg1 Kf6 44. Kf2 Re7 45. Rc3 Rb7 46. Ke3 Ke5
47. Ra3 c5 48. Rc3 c4 49. Ne2 Rb3 50. Kd2 Rxc3 51. Nxc3 Bf7 52. Ke3 Kf5 53. Kf3
Be8 54. Kg3 Bh5 55. Kf2 Kg4 56. Ke3 Kxh4 57. Kd4 Bf7 58. Ke3 Bg6 59. Kf2 Bd3 60.
Kg2 Kg4 61. Kf2 Kf4 62. Nd1 Ke4 63. Ke1 Kf3 64. Nc3 g5 65. Nd1 g4 66. Nf2 Bf5
67. Nd1 Bd3 68. Nf2 g3 69. Nh3 Kg2 70. Nf4+ Kh2 71. Kd2 g2 72. Nxg2 Kxg2 73. Ke3
Kg3 74. Kd2 Kf2 0-1

[Event "6tth ch-EUR IBCA 2015"]
[Site "Lyon FRA"]
[Date "2015.08.01"]
[Round "8.3"]
[White "Ross, Chris N"]
[Black "Meshkov, Yuri A."]
[Result "1/2-1/2"]
[WhiteTitle "CM"]
[BlackTitle "IM"]
[WhiteElo "2184"]
[BlackElo "2349"]
[WhiteFideId "410411"]
[BlackFideId "4107101"]
[EventDate "2015.07.25"]

1. e4 c5 2. Nf3 Nc6 3. Bb5 g6 4. O-O Bg7 5. Re1 e5 6. Bxc6 bxc6 7. c3 Qb6 8. d4
cxd4 9. cxd4 exd4 10. e5 Ne7 11. Nbd2 Ba6 12. Ne4 O-O 13. b3 Nd5 14. Ba3 d3 15.
Qd2 f5 16. Nc5 Rf7 17. Rac1 Nc7 18. Bb4 Ne6 19. Ba5 Qxc5 20. Rxc5 Nxc5 21. Bc7
Ne6 22. Bd6 c5 23. Qe3 c4 24. bxc4 Bxc4 25. Rc1 Bb5 26. Rb1 a6 27. Nd4 Bc4 28.
Rc1 Bxa2 29. Qxd3 Bd5 30. Qd2 Nxd4 31. Qxd4 Be6 32. Qb6 f4 33. Qb7 Re8 34. Rc8
Rxc8 35. Qxc8+ Bf8 36. Qxa6 f3 37. Bxf8 Rxf8 38. Qd3 fxg2 39. Kxg2 Rf4 40. f3 g5
41. Qd6 Kf7 42. Kg3 h5 43. Qd3 h4+ 44. Kg2 Kg7 45. Qd6 Rf7 46. Qd2 Kh6 47. Qd6
Kg6 48. Qd3+ Rf5 49. Qd4 Kg7 50. Qd6 Kf7 51. Qd4 Ke8 52. Qd6 Rf4 53. Qb8+ Kf7
54. Qh8 Rf5 55. Qh7+ Ke8 56. Qh8+ Ke7 57. Qb8 Rf4 58. Qd6+ Ke8 59. Qb8+ Kf7 60.
Qh8 h3+ 61. Kg3 Bd5 62. Qh5+ Kf8 63. Qh6+ Kf7 64. Qh5+ Kf8 65. Qh6+ Kf7 1/2-1/2

[Event "6tth ch-EUR IBCA 2015"]
[Site "Lyon FRA"]
[Date "2015.08.01"]
[Round "8.4"]
[White "Dimic, Pavle"]
[Black "Dukaczewski, Piotr"]
[Result "1-0"]
[WhiteTitle "FM"]
[BlackTitle "IM"]
[WhiteElo "2305"]
[BlackElo "2237"]
[WhiteFideId "937428"]
[BlackFideId "1103520"]
[EventDate "2015.07.25"]

1. d4 d5 2. c4 dxc4 3. Nf3 Nf6 4. e3 e6 5. Bxc4 a6 6. O-O c5 7. Nc3 b5 8. Be2
Nbd7 9. dxc5 Bxc5 10. Nd2 Bb7 11. Nb3 Bb6 12. a4 b4 13. a5 Bc7 14. Na2 Nd5 15.
g3 f5 16. Bd2 Qe7 17. Rc1 Bd6 18. Nd4 O-O 19. Nc6 Bxc6 20. Rxc6 Rfd8 21. Rxa6
Rab8 22. Bf3 Nc5 23. Rc6 Be5 24. Qe2 Nb3 25. Bxd5 Rxd5 26. Bxb4 Rxb4 27. Rc8+
Kf7 28. Qh5+ Kf6 29. Nxb4 Qxb4 30. a6 Ra5 31. h4 Rxa6 32. Qg5+ Kf7 33. Qh5+ Ke7
34. Rd1 Rd6 35. Re8+ Kd7 36. Qf7+ Kc6 37. Rc8+ Kb5 38. Rb8+ Rb6 39. Rxb6+ Kxb6
40. Qxe6+ Kb7 41. Qxe5 Nd2 42. Qd5+ 1-0

[Event "6tth ch-EUR IBCA 2015"]
[Site "Lyon FRA"]
[Date "2015.08.01"]
[Round "8.5"]
[White "Hervais, Adrien"]
[Black "Stachanczyk, Jacek"]
[Result "0-1"]
[BlackTitle "FM"]
[WhiteElo "2029"]
[BlackElo "2259"]
[WhiteFideId "612294"]
[BlackFideId "1116657"]
[EventDate "2015.07.25"]

1. e4 c5 2. Nf3 d6 3. Bb5+ Bd7 4. Bxd7+ Nxd7 5. O-O Ngf6 6. Re1 g6 7. c3 Bg7 8.
d4 O-O 9. e5 dxe5 10. dxe5 Ng4 11. e6 Nde5 12. Nxe5 Nxe5 13. Be3 Nd3 14. Re2
Nxb2 15. exf7+ Rxf7 16. Qc2 Qd1+ 17. Qxd1 Nxd1 18. Bxc5 b6 19. Bd4 e5 20. Be3
Raf8 21. Na3 Nxc3 22. Rd2 Rc7 23. Rc1 Rfc8 24. Kf1 Bf8 25. Nb1 Ne4 26. Rxc7
Nxd2+ 0-1

[Event "6tth ch-EUR IBCA 2015"]
[Site "Lyon FRA"]
[Date "2015.08.01"]
[Round "8.6"]
[White "Rositsan, Boris"]
[Black "Pakhomov, Alexey"]
[Result "1/2-1/2"]
[WhiteTitle "FM"]
[BlackTitle "IM"]
[WhiteElo "2051"]
[BlackElo "2346"]
[WhiteFideId "12802158"]
[BlackFideId "4129016"]
[EventDate "2015.07.25"]

1. d4 d5 2. Nf3 e6 3. e3 f5 4. Bd3 Nf6 5. O-O Bd6 6. b3 Qe7 7. Bb2 O-O 8. c4 c6
9. Ne5 b6 10. a3 dxc4 11. Bxc4 Bb7 12. b4 Nbd7 13. Qb3 Nd5 14. Nd2 c5 15. e4
fxe4 16. Nxd7 Nf4 17. Bxe6+ Kh8 18. Nxf8 Qg5 19. g3 cxd4 20. Rae1 Bxf8 21. Nxe4
Qg6 22. Nd2 Rd8 23. f3 d3 24. Re3 Ne2+ 25. Kf2 Qh6 26. h4 Nxg3 27. Rg1 Ne2 28.
Rg4 Nf4 29. Qc4 Nh3+ 30. Kg3 Qxe3 31. Kxh3 Qe1 32. Qc7 Qh1+ 33. Kg3 Qg1+ 34. Kh3
Qh1+ 35. Qh2 Qe1 36. Bc4 Bc8 37. Qf4 Bxg4+ 38. Qxg4 Qh1+ 39. Kg3 Qg1+ 40. Kh3
Qh1+ 41. Kg3 Qe1+ 42. Kh3 Re8 43. Qf4 Qh1+ 44. Kg3 Rd8 45. Be5 Qg1+ 46. Kh3 Be7
47. Qg3 Qh1+ 48. Qh2 Qd1 49. Bxg7+ Kxg7 50. Qg3+ Kh6 51. Qf4+ Kg7 52. Qf7+ Kh8
53. Qxe7 Qh1+ 54. Kg3 Qg1+ 55. Kh3 Qh1+ 56. Kg3 Qg1+ 57. Kh3 1/2-1/2

[Event "6tth ch-EUR IBCA 2015"]
[Site "Lyon FRA"]
[Date "2015.08.01"]
[Round "8.8"]
[White "Zsiltzova-Lisenko, Lubov"]
[Black "Draghici Flutur, Gavril"]
[Result "1-0"]
[WhiteTitle "WIM"]
[WhiteElo "2224"]
[BlackElo "2125"]
[WhiteFideId "14101360"]
[BlackFideId "1206508"]
[EventDate "2015.07.25"]

1. e4 c5 2. Nf3 Nc6 3. d4 cxd4 4. Nxd4 Nf6 5. Nc3 d6 6. Bc4 Bd7 7. Bb3 g6 8. f3
Bg7 9. Be3 O-O 10. Qd2 Na5 11. Bh6 e5 12. Bxg7 Kxg7 13. Nde2 Nxb3 14. axb3 Bc6
15. O-O Qb6+ 16. Kh1 Rfd8 17. Nd5 Bxd5 18. exd5 Rdc8 19. Ra4 Qb5 20. Rd1 Rc5 21.
Nc3 Qd7 22. Rh4 h5 23. b4 Rc7 24. Ne4 Nxe4 25. Rxe4 f5 26. Ree1 Qa4 27. c3 a6
28. Rc1 Rac8 29. h3 Qb3 30. Rcd1 Rc4 31. Qg5 R4c7 32. Rd2 Qc4 33. Qe3 Kf6 34. f4
e4 35. Qg3 Kg7 36. Qg5 Rg8 37. Kh2 Kf7 38. Re3 Qb5 39. b3 Qd7 40. c4 Rh8 41. Qg3
b5 42. Rc2 Rhc8 43. Rec3 bxc4 44. Rxc4 Rxc4 45. bxc4 a5 46. bxa5 Qa4 47. Qc3 Rc7
48. Rc1 Ra7 49. Ra1 Qd7 50. Qh8 Qe7 51. a6 Qf6 52. Qh7+ Qg7 53. Qxg7+ Kxg7 54.
Kg1 Kf7 55. Kf2 Ke7 56. Ke3 Kd7 57. Kd4 Ra8 58. a7 Kc7 59. c5 dxc5+ 60. Kxc5 e3
61. d6+ Kd7 62. Kb6 e2 63. Kb7 Re8 64. a8=Q 1-0

[Event "6tth ch-EUR IBCA 2015"]
[Site "Lyon FRA"]
[Date "2015.08.01"]
[Round "8.9"]
[White "Mlacnik, Franc"]
[Black "Pribeanu, Mihail-Dacian"]
[Result "0-1"]
[BlackTitle "FM"]
[WhiteElo "2048"]
[BlackElo "2120"]
[WhiteFideId "14601923"]
[BlackFideId "1209094"]
[EventDate "2015.07.25"]

1. e4 c6 2. d4 d5 3. Nc3 dxe4 4. Nxe4 Bf5 5. Ng3 Bg6 6. h4 h6 7. h5 Bh7 8. Nf3
e6 9. Bd3 Bxd3 10. Qxd3 Nf6 11. Bd2 Be7 12. O-O-O O-O 13. Kb1 c5 14. Ne4 cxd4
15. Nxf6+ Bxf6 16. g4 Nd7 17. Bb4 Re8 18. Nxd4 a5 19. Bd6 Qb6 20. Nb5 Nc5 21.
Qe2 Na4 22. g5 Bxb2 23. Qc4 Qxb5 24. Qxb5 Nc3+ 25. Kxb2 Nxb5 26. gxh6 Nxd6 27.
Rxd6 gxh6 28. Rg1+ Kf8 29. Rd7 b6 30. Kb3 Rac8 31. Rg4 Re7 32. Rd6 Rec7 33. c4
Rc5 34. Rxb6 Rxh5 35. Rb5 Rhc5 36. a3 R8c7 37. Rb8+ Ke7 38. Rh4 Rf5 39. Rxh6
Rf3+ 40. Ka4 Rxc4+ 41. Kxa5 Rxa3+ 42. Kb5 Rc7 43. Rb6 Rac3 44. Ka6 R3c6 45. Kb5
Rxb6+ 46. Kxb6 Rc2 47. f4 Rf2 48. Rh4 Kd6 49. Kb7 f5 50. Kc8 Rf1 51. Kd8 Rg1 0-1

[Event "6tth ch-EUR IBCA 2015"]
[Site "Lyon FRA"]
[Date "2015.08.01"]
[Round "8.10"]
[White "Riegler, Dieter"]
[Black "Spinu, Evgeny"]
[Result "1/2-1/2"]
[BlackTitle "FM"]
[WhiteElo "2095"]
[BlackElo "2210"]
[WhiteFideId "4606426"]
[BlackFideId "13902784"]
[EventDate "2015.07.25"]

1. d4 d5 2. c4 e6 3. Nc3 Nf6 4. cxd5 exd5 5. Bg5 Be7 6. e3 c6 7. Qc2 Nbd7 8. Bd3
Nh5 9. Bxe7 Qxe7 10. Nge2 g6 11. g4 Ng7 12. Ng3 Nb6 13. h3 h5 14. O-O-O Be6 15.
Be2 hxg4 16. hxg4 O-O-O 17. Na4 Nxa4 18. Qxa4 Kb8 19. Rdg1 Qd7 20. Qd1 Qd6 21.
Kb1 c5 22. dxc5 Qxc5 23. Rxh8 Rxh8 24. Rh1 Rxh1 25. Qxh1 Ne8 26. Qh8 Qc8 1/2-1/2

[Event "6tth ch-EUR IBCA 2015"]
[Site "Lyon FRA"]
[Date "2015.08.01"]
[Round "8.11"]
[White "Kasimov, Rustam"]
[Black "Schellmann, Frank"]
[Result "1/2-1/2"]
[BlackTitle "CM"]
[WhiteElo "2196"]
[BlackElo "2093"]
[WhiteFideId "4194071"]
[BlackFideId "4669916"]
[EventDate "2015.07.25"]

1. d4 f5 2. Nf3 Nf6 3. c4 g6 4. g3 Bg7 5. Bg2 d6 6. Nc3 O-O 7. O-O Qe8 8. Re1
Qf7 9. Ng5 Qxc4 10. e4 fxe4 11. Bf1 Qb4 12. a3 Qb6 13. Bc4+ Kh8 14. Nf7+ Rxf7
15. Bxf7 Nc6 16. Nd5 Qxd4 17. Nxc7 Rb8 18. Qxd4 Nxd4 19. Be3 Nf3+ 20. Kh1 Nxe1
21. Bxa7 Nc2 22. Rc1 Ng4 23. Rxc2 e3 24. Ne6 exf2 25. Kg2 Bxe6 26. Bxe6 Rf8 27.
Rc1 Ne5 28. b3 Nc6 29. Bxf2 Bb2 30. Rf1 Ne5 31. a4 Kg7 32. Bd5 Nc6 33. Rb1 Ba3
34. b4 Nxb4 35. Bxb7 Nd3 36. Bb6 Bc5 37. a5 Bxb6 38. axb6 Rb8 39. Bc6 Kf6 40. b7
Nc5 41. Rf1+ Ke6 42. Re1+ Kf6 43. Rf1+ Ke6 44. Re1+ 1/2-1/2

[Event "6tth ch-EUR IBCA 2015"]
[Site "Lyon FRA"]
[Date "2015.08.01"]
[Round "8.12"]
[White "Clemente Llamero, Roberto"]
[Black "Fernandez Manrique, Agustin"]
[Result "1/2-1/2"]
[WhiteElo "2076"]
[BlackElo "2183"]
[WhiteFideId "2257696"]
[BlackFideId "2231000"]
[EventDate "2015.07.25"]

1. e4 e6 2. d4 d5 3. Nc3 dxe4 4. Nxe4 Nf6 5. Bg5 Be7 6. Bxf6 Bxf6 7. Nf3 O-O 8.
c3 Nd7 9. Bd3 b6 10. Qe2 Bb7 11. O-O Qe7 12. Rad1 c5 13. dxc5 Nxc5 14. Nxc5 Qxc5
15. Be4 Bxe4 16. Qxe4 Rad8 17. h3 h6 18. Qe2 Qc7 19. Rfe1 Rxd1 20. Rxd1 Rd8 21.
Rxd8+ Qxd8 22. Qd2 Qxd2 23. Nxd2 Kf8 1/2-1/2

[Event "6tth ch-EUR IBCA 2015"]
[Site "Lyon FRA"]
[Date "2015.08.01"]
[Round "8.13"]
[White "Nizam, Rasim"]
[Black "Holmela, Kari"]
[Result "1-0"]
[WhiteTitle "IM"]
[WhiteElo "2180"]
[BlackElo "1871"]
[WhiteFideId "2906708"]
[BlackFideId "505528"]
[EventDate "2015.07.25"]

1. e4 c5 2. Nf3 d6 3. d4 cxd4 4. Nxd4 Nf6 5. Nc3 e6 6. Be2 Be7 7. O-O a6 8. Qd3
Nc6 9. Nxc6 bxc6 10. Qg3 Rg8 11. Be3 Bb7 12. f4 Nd7 13. Rad1 Qc7 14. f5 e5 15.
Bc4 Nf6 16. h3 a5 17. Rfe1 g6 18. fxg6 Rxg6 19. Qf3 Ba6 20. Bb3 Bc8 21. Kh1 Be6
22. Bxe6 fxe6 23. Qe2 d5 24. Bf2 d4 25. Na4 c5 26. Bh4 Ng8 27. Qb5+ Qd7 28.
Qxd7+ Kxd7 29. Bxe7 Kxe7 30. Nb6 Rb8 31. Nc4 Rg5 32. Rd3 Nf6 33. Rf3 Rbg8 34.
Rf2 Nh5 35. g4 Nf6 36. Nd2 Nd7 37. Ref1 R5g7 38. Nf3 Rf8 39. Nd2 Rxf2 40. Rxf2
Nb6 41. b3 Rg8 42. Kg2 a4 43. Kf1 axb3 44. axb3 Ra8 45. Ke2 Ra1 46. Rf1 Ra2 47.
Kd3 h6 48. h4 Ra8 49. g5 hxg5 50. hxg5 Rg8 51. Rg1 Kf7 52. Nf3 Nd7 53. Rh1 Rg7
54. Kc4 Ke7 55. Rh3 Kd6 56. Rg3 Nf8 57. Nh4 Ng6 58. Nxg6 Rxg6 59. Kb5 Rg8 60. g6
Rb8+ 61. Kc4 Rb4+ 62. Kd3 Rb8 63. g7 Rg8 64. Kc4 Kc6 65. Rg5 Kd6 66. Rg6 Ke7 67.
Kxc5 Rc8+ 68. Kb6 Rg8 69. Kc7 1-0

[Event "6tth ch-EUR IBCA 2015"]
[Site "Lyon FRA"]
[Date "2015.08.01"]
[Round "8.14"]
[White "Gasperoni, Claudio"]
[Black "Cajzler, Hinko"]
[Result "0-1"]
[WhiteElo "1867"]
[BlackElo "2135"]
[WhiteFideId "825450"]
[BlackFideId "14501376"]
[EventDate "2015.07.25"]

1. d4 c5 2. d5 e5 3. e4 d6 4. Nf3 Bg4 5. Bb5+ Nd7 6. a4 a6 7. Be2 Bxf3 8. Bxf3
Be7 9. Nc3 Bg5 10. a5 Bxc1 11. Qxc1 Ne7 12. O-O O-O 13. Nd1 Kh8 14. Ne3 Nf6 15.
Ra3 Rc8 16. h4 h5 17. Rb3 Rb8 18. Rb6 Nc8 19. Rb3 Na7 20. Re1 Nb5 21. Bd1 Ng8
22. Nc4 Kh7 23. Qg5 Qxg5 24. hxg5 f5 25. Rxb5 axb5 26. Nxd6 Rfd8 27. Nxb5 fxe4
28. Rxe4 Rxd5 29. Be2 Rd2 30. Rxe5 Ra8 31. Re6 Rxa5 32. Bd3+ Rxd3 0-1

[Event "6tth ch-EUR IBCA 2015"]
[Site "Lyon FRA"]
[Date "2015.08.01"]
[Round "8.15"]
[White "Mueller, Thorsten"]
[Black "Deville, Olivier"]
[Result "1-0"]
[WhiteElo "2133"]
[BlackElo "1868"]
[WhiteFideId "4653319"]
[BlackFideId "624160"]
[EventDate "2015.07.25"]

1. d4 Nf6 2. Nf3 e6 3. Bf4 b6 4. e3 Bb7 5. Nbd2 d6 6. Bd3 Nbd7 7. O-O c5 8. c3
Qc7 9. Qe2 Be7 10. h3 h6 11. a4 a6 12. Bh2 g5 13. e4 g4 14. hxg4 Nxg4 15. Bf4
Nf8 16. Ne1 h5 17. f3 Nf6 18. Nc4 Ng6 19. Bxd6 Bxd6 20. Nxd6+ Qxd6 21. e5 Qe7
22. Bxg6 fxg6 23. exf6 Qxf6 24. dxc5 bxc5 25. Nd3 Rc8 26. Rfe1 Rc6 27. Ne5 Rc7
28. Rad1 h4 29. Ng4 Qf7 30. Qxe6+ Qxe6 31. Rxe6+ Kf7 32. Rf6+ Kg7 33. Rdd6 1-0

[Event "6tth ch-EUR IBCA 2015"]
[Site "Lyon FRA"]
[Date "2015.08.01"]
[Round "8.17"]
[White "Bindzus, Ernst"]
[Black "Dalschaert, Didier"]
[Result "1/2-1/2"]
[WhiteElo "1890"]
[BlackElo "1836"]
[WhiteFideId "1411950"]
[BlackFideId "214019"]
[EventDate "2015.07.25"]

1. e4 c5 2. Nc3 Nc6 3. f4 e6 4. Nf3 d5 5. Bb5 Nf6 6. e5 Nd7 7. Bxc6 bxc6 8. d3
Be7 9. b3 O-O 10. O-O Qc7 11. Qe2 f5 12. Qf2 Ba6 13. Na4 Bb5 14. Nb2 d4 15. a4
Ba6 16. a5 Rab8 17. Nd2 Rf7 18. Ndc4 Nf8 19. Qf3 Ng6 20. g3 Bf8 21. Bd2 Rd7 22.
g4 Ne7 23. Nd6 Nd5 24. Nbc4 Bxc4 25. Nxc4 Rf7 26. g5 1/2-1/2

[Event "6tth ch-EUR IBCA 2015"]
[Site "Lyon FRA"]
[Date "2015.08.01"]
[Round "8.19"]
[White "Hilton, Stephen H"]
[Black "Schmeisser, Andre"]
[Result "1/2-1/2"]
[WhiteElo "1880"]
[BlackElo "1740"]
[WhiteFideId "415030"]
[BlackFideId "634107"]
[EventDate "2015.07.25"]

1. d4 f5 2. Nf3 Nf6 3. Bf4 d6 4. e3 g6 5. h3 Bg7 6. Bc4 e6 7. Nbd2 O-O 8. O-O
Nh5 9. Bg5 Qe8 10. Bf4 Nd7 11. Bb3 Kh8 12. Bh2 e5 13. dxe5 Nxe5 14. Nxe5 Bxe5
15. Bxe5+ Qxe5 16. c3 Nf6 1/2-1/2

[Event "6tth ch-EUR IBCA 2015"]
[Site "Lyon FRA"]
[Date "2015.08.01"]
[Round "8.20"]
[White "Nedu, Razvan"]
[Black "Znuderl, Matej"]
[Result "0-1"]
[WhiteElo "1551"]
[BlackElo "2000"]
[WhiteFideId "1246119"]
[BlackFideId "14604337"]
[EventDate "2015.07.25"]

1. e4 e6 2. d4 d5 3. exd5 exd5 4. Bd3 Nc6 5. c3 Bd6 6. Nf3 Nge7 7. h3 O-O 8. O-O
Re8 9. Qc2 Ng6 10. Bxg6 hxg6 11. Be3 Bf5 12. Qd2 Qd7 13. Bf4 Re7 14. Bxd6 Qxd6
15. Na3 Rae8 16. Rfe1 a6 17. Nc2 Be4 18. Ng5 Bxc2 19. Rxe7 Qxe7 20. Qxc2 Qxg5
21. Qb3 Nd8 22. c4 Qd2 23. Rd1 dxc4 24. Qa4 Re1+ 25. Rxe1 Qxe1+ 26. Kh2 Qe6 27.
Qa5 Qd6+ 28. Kg1 Ne6 29. Qa4 b5 30. Qa5 Nxd4 31. Qe1 Ne6 32. Qa5 b4 33. Qa4 Nd4
34. Qe8+ Kh7 35. Qxf7 Ne2+ 0-1

[Event "6tth ch-EUR IBCA 2015"]
[Site "Lyon FRA"]
[Date "2015.08.01"]
[Round "8.21"]
[White "Carapit, Vasile"]
[Black "Pirosca, Alexandru"]
[Result "1/2-1/2"]
[WhiteElo "1768"]
[BlackElo "2003"]
[WhiteFideId "1215140"]
[BlackFideId "1211110"]
[EventDate "2015.07.25"]

1. Nf3 Nf6 2. g3 g6 3. d3 d5 4. Nbd2 Bg7 5. Bg2 O-O 6. O-O c5 7. c3 Nc6 8. Re1
e5 9. e4 d4 10. Nc4 Re8 11. Ng5 b5 12. Na3 1/2-1/2

[Event "6tth ch-EUR IBCA 2015"]
[Site "Lyon FRA"]
[Date "2015.08.01"]
[Round "8.22"]
[White "Prpic, Milan"]
[Black "Cizman, Gregor"]
[Result "1-0"]
[WhiteElo "1839"]
[BlackElo "1618"]
[WhiteFideId "14521270"]
[BlackFideId "14605660"]
[EventDate "2015.07.25"]

1. d4 d6 2. c4 e5 3. dxe5 dxe5 4. Qxd8+ Kxd8 5. Nf3 Bb4+ 6. Bd2 Bxd2+ 7. Nbxd2
f6 8. O-O-O c6 9. Ne4+ Kc7 10. h3 Be6 11. e3 Na6 12. a3 Ne7 13. b4 Rad8 14. Be2
Bf5 15. Nfd2 Nb8 16. g4 Bg6 17. Nc5 Bf7 18. Kb2 b6 19. Nce4 Rhe8 20. a4 Nd7 21.
Nb3 Nf8 22. c5 Nc8 23. Ba6 Bd5 24. Bd3 h6 25. Rhe1 Ne6 26. h4 Re7 27. cxb6+ axb6
28. Nc3 Bf3 29. Be2 Bxe2 30. Rxe2 Rxd1 31. Nxd1 Nd6 32. Rc2 Kb7 33. Kc3 Nc7 34.
Nd2 Nd5+ 35. Kb3 g6 36. Nc4 Nxc4 37. Rxc4 Rd7 38. Nb2 b5 39. Rc1 bxa4+ 40. Nxa4
Rc7 41. Nc5+ Kb6 42. Ra1 Ra7 43. Rxa7 Kxa7 44. e4 Ne7 45. Nd7 Ng8 46. Kc4 Kb7
47. Nf8 Ne7 48. Kc5 f5 49. f3 Kc7 50. g5 h5 1-0

[Event "6tth ch-EUR IBCA 2015"]
[Site "Lyon FRA"]
[Date "2015.08.01"]
[Round "8.23"]
[White "Platon, Constantin"]
[Black "Morariu, Ionel"]
[Result "0-1"]
[WhiteElo "1701"]
[BlackElo "1863"]
[WhiteFideId "13904264"]
[BlackFideId "1220713"]
[EventDate "2015.07.25"]

1. e4 e5 2. Nf3 d6 3. d4 Nd7 4. Nc3 c6 5. dxe5 dxe5 6. Bc4 Be7 7. O-O Ngf6 8. h3
O-O 9. Be3 Qc7 10. Nh2 Nc5 11. f3 b5 12. Be2 Be6 13. Qe1 a5 14. Qf2 Nfd7 15. a3
Nb7 16. Qg3 Rfd8 17. Ng4 Kh8 18. Rad1 f6 19. Rd2 b4 20. axb4 axb4 21. Nd1 Ra2
22. Ngf2 Rda8 23. Nd3 c5 24. b3 Nd6 25. N1b2 R2a5 26. Rb1 Nb5 27. Na4 Nc3 28.
Ra1 Nxa4 29. bxa4 c4 30. Nc1 Rxa4 31. Rxa4 Rxa4 32. Kh2 Ra1 33. Rd1 b3 34. cxb3
cxb3 35. Nd3 Rxd1 36. Bxd1 Qc3 0-1

[Event "6tth ch-EUR IBCA 2015"]
[Site "Lyon FRA"]
[Date "2015.08.01"]
[Round "8.24"]
[White "Siret, Bernard"]
[Black "Wikman, Bengt"]
[Result "1-0"]
[WhiteElo "1698"]
[BlackElo "1886"]
[WhiteFideId "20618948"]
[BlackFideId "503681"]
[EventDate "2015.07.25"]

1. d4 Nf6 2. Nc3 e6 3. e3 d5 4. Nf3 c5 5. Be2 a6 6. a4 b6 7. Ne5 Nbd7 8. f4 cxd4
9. exd4 Ne4 10. Nxe4 dxe4 11. O-O Nf6 12. c3 Bd6 13. Qe1 Nd5 14. Bh5 g6 15. Bd1
f5 16. g4 Bxe5 17. fxe5 h5 18. gxh5 gxh5 19. h4 Ra7 20. Bg5 Qc7 21. Kh2 Bb7 22.
Rg1 Qg7 23. c4 Ne7 24. Qb4 Nc8 25. Bf6 Qf7 26. a5 bxa5 27. Ba4+ 1-0

[Event "6tth ch-EUR IBCA 2015"]
[Site "Lyon FRA"]
[Date "2015.08.01"]
[Round "8.25"]
[White "Jandric, Damjan"]
[Black "Eichstaedt, Mirko"]
[Result "1/2-1/2"]
[WhiteTitle "CM"]
[WhiteElo "2122"]
[BlackElo "1997"]
[WhiteFideId "921475"]
[BlackFideId "24692310"]
[EventDate "2015.07.25"]

1. e4 c5 2. Nf3 e6 3. d3 Nc6 4. g3 g6 5. Bg2 Bg7 6. O-O Nge7 7. c3 O-O 8. Qe2 d6
9. a3 e5 10. b4 b6 11. Be3 Bb7 12. Ra2 h6 13. Nfd2 Qd7 14. Rc2 Rac8 15. b5 Nd8
16. c4 Ne6 17. Nb3 Rce8 18. Qd2 Kh7 19. Nc3 Nd4 20. Bxd4 exd4 21. Ne2 h5 22. Kh1
Bh6 23. f4 f5 24. Ng1 Qd8 25. Nh3 Qa8 26. Nf2 Ng8 27. Qe2 Nf6 28. Nd2 d5 29.
cxd5 Nxd5 30. Nd1 fxe4 31. Nxe4 Bxf4 32. gxf4 Nxf4 33. Rxf4 Rxf4 34. Ndf2 Qb8
35. Nh3 Rf5 36. Nhg5+ Kg7 37. Qd2 Qe5 38. Kg1 Ref8 39. Bh3 Bxe4 40. Nxe4 Rf4 41.
Bg2 g5 42. Ng3 g4 43. Qe2 Re8 44. Bc6 Qxe2 45. Nxe2 Rff8 46. Bxe8 Rxe8 47. Nf4
Re1+ 48. Kf2 Ra1 49. Nxh5+ Kh6 50. Nf4 Rxa3 51. Kg3 Kg5 52. h4+ gxh3 53. Nxh3+
Kf5 54. Nf2 Rb3 55. Ra2 c4 56. Rxa7 cxd3 57. Kf3 1/2-1/2

[Event "6tth ch-EUR IBCA 2015"]
[Site "Lyon FRA"]
[Date "2015.08.01"]
[Round "8.26"]
[White "Drazetic, Novica"]
[Black "Lapadatu, Teodor"]
[Result "1/2-1/2"]
[WhiteElo "1613"]
[BlackElo "1846"]
[WhiteFideId "14529483"]
[BlackFideId "1212508"]
[EventDate "2015.07.25"]

1. e4 e6 2. d4 d5 3. Nc3 dxe4 4. Nxe4 Bd7 5. Nf3 Bc6 6. Bd3 Nd7 7. Qe2 Ngf6 8.
Ned2 Nd5 9. Nc4 Nb4 10. Be4 Bxe4 11. Qxe4 Nf6 12. Qe2 1/2-1/2

[Event "6tth ch-EUR IBCA 2015"]
[Site "Lyon FRA"]
[Date "2015.08.01"]
[Round "8.27"]
[White "Steinhart, Matthias"]
[Black "Bremer, Erik"]
[Result "1-0"]
[WhiteElo "1768"]
[BlackElo "1475"]
[WhiteFideId "24615340"]
[BlackFideId "1411578"]
[EventDate "2015.07.25"]

1. e4 c5 2. Nf3 d6 3. d4 cxd4 4. Nxd4 Nf6 5. Nc3 a6 6. Bg5 e6 7. f4 Be7 8. Qf3
Nc6 9. Nxc6 bxc6 10. e5 Nd5 11. Bxe7 Qxe7 12. exd6 Qxd6 13. Nxd5 cxd5 14. O-O-O
O-O 15. f5 Rb8 16. Bc4 Qe5 17. Bb3 Qxf5 18. Qxf5 exf5 19. Bxd5 Be6 20. Bxe6 fxe6
21. Rd6 e5 22. Rxa6 e4 23. Ra3 f4 24. Rb3 Rbe8 25. a4 g5 26. h3 h5 27. Rb7 f3
28. gxf3 Rxf3 29. Kd1 e3 30. Ke1 Rg3 31. a5 Rd8 32. a6 Rg2 33. a7 Rxc2 34. Rb8
Rcc8 35. Rxc8 Rxc8 36. Ke2 g4 37. hxg4 hxg4 38. Rg1 Kf7 39. Rxg4 Ke7 40. Kxe3
Ra8 41. Ra4 Kd6 42. Kd3 Kc6 43. Kc3 Kb6 44. b3 Rxa7 45. Rxa7 Kxa7 46. Kb4 Ka8
47. Kb5 Kb7 48. b4 Ka7 49. Kc6 Kb8 50. b5 Kc8 51. b6 Kb8 52. b7 1-0

[Event "6tth ch-EUR IBCA 2015"]
[Site "Lyon FRA"]
[Date "2015.08.01"]
[Round "8.28"]
[White "Megelas, Florent"]
[Black "Murgia, Stefano"]
[Result "0-1"]
[WhiteElo "1504"]
[BlackElo "1705"]
[WhiteFideId "642797"]
[BlackFideId "876011"]
[EventDate "2015.07.25"]

1. e4 e5 2. Nf3 Nc6 3. Nc3 Nf6 4. Bc4 Nxe4 5. Nxe4 d5 6. Bd3 dxe4 7. Bxe4 Bd6 8.
h3 Ne7 9. c3 O-O 10. O-O f5 11. Bc2 e4 12. Ng5 c6 13. d4 h6 14. Bb3+ Nd5 15.
Nxe4 fxe4 16. c4 Qh4 17. cxd5 Bxh3 18. dxc6+ Kh8 19. f4 exf3 20. Rxf3 Rxf3 21.
Qxf3 Bg4 22. Qf4 Bxf4 23. Bxf4 bxc6 24. Rf1 Rf8 25. Bc4 Qh5 26. Be5 Rxf1+ 27.
Kxf1 Qg5 28. b3 Qc1+ 29. Kf2 Bd1 30. Kg3 Qb2 31. Kf4 Qxg2 32. Kf5 Qg3 0-1